| 000 | 00460nam a2200169 4500 | ||
|---|---|---|---|
| 001 | 14310 | ||
| 005 | 20230404125636.0 | ||
| 008 | 060907n1958 dr spa | ||
| 035 | _9funglode14432 | ||
| 041 | _aES | ||
| 050 | 1 | 4 | _aCD F 00767 |
| 100 | _aBenitez Rexach, Felix | ||
| 245 | 1 |
_aLuis Muñoz Marín : _beye of the hate Nixon hurricane / _cFelix Benitez Rexach |
|
| 260 |
_aSanto Domingo : _b[s.n.], _c1958 |
||
| 300 | _a11 p. | ||
| 942 |
_2lcc _ccd |
||
| 999 |
_c1706 _d1706 |
||